| 000 | 00380nam a2200157Ia 4500 | ||
|---|---|---|---|
| 008 | 230917s9999||||xx |||||||||||||| ||und|| | ||
| 040 |
_e97495 _aMAIN |
||
| 041 | _aEnglish | ||
| 082 | _a940.28 R13A | ||
| 100 | _aRai, Koleshwar | ||
| 245 | 0 | _aAadhunik Europe (1789-1945) | |
| 250 | _a2nd ed. | ||
| 260 |
_aAllahabad _bKitab Mahal _c1986 |
||
| 300 | _aviii, 632 p. | ||
| 942 | _cBK | ||
| 999 |
_c57897 _d57897 |
||